| 000 | 00865cam a2200265 a 4500 | ||
|---|---|---|---|
| 001 | 4314377 | ||
| 003 | ARRUPE | ||
| 005 | 20140925141947.0 | ||
| 008 | 871005s1988 nyu 001 0 eng | ||
| 010 | _a 87028233 | ||
| 020 | _a0025255703 | ||
| 040 |
_aDLC _cDLC _dDLC |
||
| 050 | 0 | 0 |
_aBV236 _b.M33 1988 |
| 082 | 0 | 0 |
_a242/.8011 _219 |
| 245 | 0 | 4 |
_aThe Macmillan book of earliest Christian prayers / _cedited by F. Forrester Church and Terrence J. Mulry. |
| 260 |
_aNew York : _bMacmillan ; _aLondon : _bCollier Macmillan, _cc1988. |
||
| 300 |
_axi, 242 p. ; _c25 cm. |
||
| 500 | _aIncludes indexes. | ||
| 650 | 0 |
_aPrayers, Early Christian. _911748 |
|
| 700 | 1 |
_aChurch, F. Forrester. _911749 |
|
| 700 | 1 |
_aMulry, Terrence J. _911750 |
|
| 740 | 0 | _aEarliest Christian prayers. | |
| 906 |
_a7 _bcbc _corignew _d1 _eocip _f19 _gy-gencatlg |
||
| 942 |
_2lcc _cMONOGRAPH |
||
| 999 |
_c120983 _d120983 |
||